00273 a2200121 450000100060000000300050000608200170001110000150002824500420004326000380008530000100012350000180013390289NUST a891.4393 HAQ aHaqqui Haq aZawalay Asar' Koofa aor GadagarhUrdu aLahorebShafiq Publicationsc2011 a369p. aGeneral Books